000 00379 a2200169 4500
001 71388
020 _a8516041360
040 _cAnchieta - Colégio São Paulo
100 _aCosta, Wagner
240 1 0 _aDas Dores e Já Passou
_lpor
245 1 0 _aDas Dores e Já Passou
300 _a32
362 0 _a2004
440 1 _aModerna
650 4 _aLiteratura infantil
942 _cBK
999 _c71388
_d71388